Top 10 Draft Picks Since 2010 - Statistics

General Stats
  • This quiz has been taken 12 times
  • The average score is 50 of 130
Answer Stats
Hint Answer % Correct
10 Garrett Wilson
89%
2021 #1 Trevor Lawrence
89%
2 Zach Wilson
89%
7 Aldon Smith
78%
4 Andrew Thomas
78%
6 Daniel Jones
78%
5 Devin White
78%
10 Devonta Smith
78%
5 Ja'Marr Chase
78%
2020 #1 Joe Burrow
78%
7 Josh Allen
78%
10 Josh Rosen
78%
6 Julio Jones
78%
7 Kevin White
78%
10 Patrick Mahomes
78%
8 Roquan Smith
78%
3 Solomon Thomas
78%
2022 #1 Travon Walker
78%
9 Tyron Smith
78%
2012 #1 Andrew Luck
67%
2018 #1 Baker Mayfield
67%
2 Carson Wentz
67%
7 Derrick Brown
67%
4 Ezekiel Elliott
67%
5 Jalen Ramsey
67%
2015 #1 Jameis Winston
67%
2016 #1 Jared Goff
67%
2019 #1 Kyler Murray
67%
6 Leonard Williams
67%
7 Mike Williams
67%
2 Mitchell Trubisky
67%
3 Quinnen Williams
67%
4 Sauce Gardner
67%
4 Trent Williams
67%
3 Trey Lance
67%
4 A.J. Green
56%
5 Bradley Chubb
56%
2011 #1 Cam Newton
56%
2 Chase Young
56%
5 Corey Davis
56%
8 Drake London
56%
2013 #1 Eric Fisher
56%
7 Evan Neal
56%
3 Joey Bosa
56%
6 Justin Herbert
56%
4 Kyle Pitts
56%
4 Lane Johnson
56%
2 Marcus Mariota
56%
2 Nick Bosa
56%
2 Robert Griffin III
56%
3 Sam Darnold
56%
2 Saquon Barkley
56%
5 Tua Tagovailoa
56%
2 Aidan Hutchinson
44%
9 Charles Cross
44%
3 Derek Stingley Jr.
44%
10 Devin Bush
44%
2014 #1 Jadevon Clowney
44%
6 Jaylen Waddle
44%
7 Mike Evans
44%
2017 #1 Myles Garrett
44%
9 Pat Surtain II
44%
2010 #1 Sam Bradford
44%
2 Von Miller
44%
9 Ed Oliver
33%
9 Ereck Flowers
33%
2 Greg Robinson
33%
6 Ikem Ekwonu
33%
8 Isaiah Simmons
33%
3 Jeff Okudah
33%
5 Kayvon Thibodeaux
33%
4 Leonard Fournette
33%
2 Ndamukong Suh
33%
5 Patrick Peterson
33%
7 Penei Sewell
33%
10 Todd Gurley II
33%
3 Trent Richardson
33%
4 Amari Cooper
22%
3 Blake Bortles
22%
9 C. J. Henderson
22%
4 Clelin Ferrell
22%
3 Dion Jordan
22%
8 Jake Locker
22%
8 Jaycee Horn
22%
10 Jedrick Willis
22%
7 Johnathan Cooper
22%
5 Khalil Mack
22%
8 Ryan Tannehill
22%
8 T. J. Hockenson
22%
6 Barkevious Mingo
11%
10 Blaine Gabbert
11%
8 Christian McCaffrey
11%
3 Dante Fowler Jr.
11%
4 Denzel Ward
11%
10 Eli Apple
11%
10 Eric Ebron
11%
3 Gerald McCoy
11%
6 Jake Matthews
11%
6 Jamal Adams
11%
2 Luke Joackel
11%
9 Luke Kuechly
11%
9 Mike McGlinchey
11%
6 Quentin Nelson
11%
9 Anthony Barr
0%
5 Brandon Scherff
0%
10 Chance Warmack
0%
9 C. J. Spiller
0%
9 Dee Milliner
0%
7 DeForest Buckner
0%
5 Eric Berry
0%
5 Ezekiel Ansah
0%
8 Jack Conklin
0%
7 Joe Haden
0%
9 John Ross
0%
5 Justin Blackmon
0%
8 Justin Gilbert
0%
9 Leonard Floyd
0%
3 Marcell Dareus
0%
7 Mark Barron
0%
4 Matt Kalil
0%
6 Morris Claiborne
0%
8 Rolando McClain
0%
6 Ronnie Stanley
0%
6 Russell Okung
0%
4 Sammy Watkins
0%
10 Stephon Gilmore
0%
8 Tavon Austin
0%
10 Tyson Alualu
0%
8 Vic Beasley Jr.
0%
No matching quizzes found
Score Distribution
Percent of People with Each Score
Percentile by Number Answered
Your Score History
You have not taken this quiz